00865 2200277 4500001002100000005001700021008004100038020002200079035002500101040001200126082001000138084001600148100002500164245014300189250001000332260004000342300004400382500003100426650002900457700002300486700001200509850001200521990001800533990001800551990001800569INLIS00000000000645020150928101510.0  a978-602-9018-87-5 a0010-061500000000571 aYOPDYOG a612.1 a612.1 Cho B aCHOLIK HARUN ROSJIDI aBuku ajar peningkatan tekanan intrakranial dan gangguan peredaran darah otakc/ Cholik Harun Rosjidi, Saiful Nurhayati; ilustrasi, Andy GP aCet.1 aYogyakartabGosyen Publishingc2014 axii, 163 hlm.b: ilus.c; 20 cm [3 eks] aBibliografi : hlm 161- 163 aDarah - Peredaran - Otak aSaiful Nurhidayati aAndy GP aYOPDYOG a11169-PD/B.15 a11170-PD/B.15 a11171-PD/B.15